[Event "Quebec-ch classe"]
[Site "Beloeil CAN"]
[Date "1998.10.12"]
[Round "3"]
[White "Fortier, Marc-Andre"]
[Black "Pineault, Denis"]
[Result "0-1"]
[WhiteElo "2040"]
[BlackElo "2204"]
[PlyCount "64"]
[GameId "2160767911806247"]
[EventDate "1998.10.11"]
[EventType "swiss"]
[EventRounds "5"]
[EventCountry "CAN"]
[SourceTitle "EXT 2022"]
[Source "ChessBase"]
[SourceDate "2021.10.06"]
[SourceVersion "1"]
[SourceVersionDate "2021.10.06"]
[SourceQuality "1"]

1. e4 c5 2. Nc3 Nc6 3. g3 g6 4. Bg2 Bg7 5. d3 d6 6. f4 e6 7. Nf3 Nge7 8. O-O O-O 9. Ne2 f5 10. h3 Rb8 11. g4 b5 12. a3 Qb6 13. Ng3 Kh8 14. gxf5 exf5 15. h4 fxe4 16. dxe4 Bg4 17. Kh2 Qc7 18. Bh3 Bxh3 19. Kxh3 Qd7+ 20. Kg2 d5 21. Rb1 Rbc8 22. e5 Nf5 23. Rh1 Nxg3 24. Kxg3 h6 25. Qg1 d4 26. Bd2 Qf5 27. Rc1 Bxe5 28. Nxe5 Nxe5 29. Qg2 Qg4+ 30. Kf2 Rxf4+ 31. Bxf4 Qxf4+ 32. Ke2 Nc4 0-1

[Event "Quebec-ch classe"]
[Site "Beloeil CAN"]
[Date "1998.10.12"]
[Round "4"]
[White "Dumesnil, Etienne"]
[Black "Abreu Cordero, Jose"]
[Result "1/2-1/2"]
[WhiteElo "2034"]
[BlackElo "2165"]
[PlyCount "134"]
[GameId "2160767911806252"]
[EventDate "1998.10.11"]
[EventType "swiss"]
[EventRounds "5"]
[EventCountry "CAN"]
[SourceTitle "EXT 2022"]
[Source "ChessBase"]
[SourceDate "2021.10.06"]
[SourceVersion "1"]
[SourceVersionDate "2021.10.06"]
[SourceQuality "1"]

1. e4 c6 2. d4 d5 3. exd5 cxd5 4. c4 Nf6 5. Nc3 Nc6 6. Nf3 Bg4 7. cxd5 Nxd5 8. Bc4 e6 9. a3 Be7 10. h3 Bxf3 11. Qxf3 Nxd4 12. Qe4 Nf6 13. Qe3 O-O 14. O-O Nc6 15. Qg3 Qd4 16. Bb3 Bd6 17. Qg5 Ne4 18. Nxe4 Qxe4 19. Be3 Qe5 20. Qxe5 Bxe5 21. Rab1 Bd4 22. Bf4 Rfd8 23. Bg5 Rd6 24. Rfe1 h6 25. Bh4 Rc8 26. Bg3 e5 27. Ba4 f6 28. Kh1 Ne7 29. f4 Nf5 30. Bh2 e4 31. Rxe4 Kh8 32. Bb3 Rcd8 33. Be6 g6 34. Bxf5 gxf5 35. Re2 Bb6 36. Rbe1 Rd1 37. Bg1 Rxe1 38. Rxe1 Bxg1 39. Kxg1 Rd2 40. Re8+ Kg7 41. Re7+ Kg6 42. Rxb7 a5 43. b4 axb4 44. Rxb4 Ra2 45. a4 h5 46. h4 Kf7 47. g3 Ke6 48. Rb6+ Kd5 49. Rxf6 Ke4 50. Rb6 Rxa4 51. Rb3 Ra2 52. Kf1 Rc2 53. Kg1 Kd4 54. Ra3 Rd2 55. Kf1 Ke4 56. Ke1 Rb2 57. Kf1 Rb1+ 58. Kg2 Rb2+ 59. Kf1 Rc2 60. Kg1 Rd2 61. Kf1 Kd5 62. Re3 Kd6 63. Re5 Rd5 64. Rxd5+ Kxd5 65. Ke2 Ke4 66. Kf2 Kd4 67. Ke2 Ke4 1/2-1/2

[Event "Quebec-ch classe"]
[Site "Beloeil CAN"]
[Date "1998.10.12"]
[Round "4"]
[White "Khassanov, Marat"]
[Black "Sikharulidze, Giorgi"]
[Result "1-0"]
[WhiteElo "2416"]
[BlackElo "2393"]
[PlyCount "115"]
[GameId "2160767911806254"]
[EventDate "1998.10.11"]
[EventType "swiss"]
[EventRounds "5"]
[EventCountry "CAN"]

1. e4 g6 2. g3 Bg7 3. Bg2 c5 4. Ne2 Nc6 5. O-O Nf6 6. c4 d6 7. Nbc3 Be6 8. d3 Qc8 9. Nd5 h5 10. Nef4 Bg4 11. f3 Bd7 12. Rb1 h4 13. Be3 hxg3 14. hxg3 Nxd5 15. Nxd5 Be5 16. Kf2 f6 17. Rh1 Kf7 18. Qd2 g5 19. b4 e6 20. bxc5 dxc5 21. Nc3 b6 22. f4 gxf4 23. gxf4 Bxc3 24. Qxc3 e5 25. Bf3 Qa6 26. a3 Rag8 27. Rh5 Qc8 28. Rbh1 Rxh5 29. Bxh5+ Ke7 30. Qc1 Qf8 31. f5 Kd8 32. Bg6 Rh8 33. Qd1 Kc7 34. Rxh8 Qxh8 35. Qh5 Qxh5 36. Bxh5 Nd4 37. Bd1 Kd6 38. Ke1 a6 39. a4 Nc6 40. Kd2 Nd8 41. Bh6 Ke7 42. Kc3 Nf7 43. Be3 Kd6 44. Kb3 Ng5 45. Bg4 Be8 46. Bd2 Bc6 47. a5 b5 48. Bxg5 fxg5 49. f6 Be8 50. cxb5 axb5 51. a6 Bf7+ 52. Kc2 Kc7 53. Bd7 b4 54. a7 Kb7 55. Bc6+ Kxa7 56. Bd5 Bh5 57. f7 Bxf7 58. Bxf7 1-0

[Event "Quebec-ch classe"]
[Site "Beloeil CAN"]
[Date "1998.10.12"]
[Round "4"]
[White "Wenaas, Eric"]
[Black "Boulay, David"]
[Result "1/2-1/2"]
[WhiteElo "2234"]
[BlackElo "1974"]
[PlyCount "58"]
[GameId "2160767911806256"]
[EventDate "1998.10.11"]
[EventType "swiss"]
[EventRounds "5"]
[EventCountry "CAN"]
[SourceTitle "EXT 2022"]
[Source "ChessBase"]
[SourceDate "2021.10.06"]
[SourceVersion "1"]
[SourceVersionDate "2021.10.06"]
[SourceQuality "1"]

1. c4 Nf6 2. Nc3 g6 3. Nf3 Bg7 4. d4 O-O 5. e4 d6 6. Be2 e5 7. dxe5 dxe5 8. Qxd8 Rxd8 9. Bg5 Re8 10. Nd5 Nxd5 11. cxd5 c6 12. Bc4 b5 13. Bd3 Bb7 14. dxc6 Bxc6 15. Rc1 a6 16. Ke2 Ra7 17. Rc2 Rd7 18. Rhc1 Re6 19. Ne1 Bf8 20. Be3 f6 21. f3 Kf7 22. a3 Bb7 23. a4 Bc6 24. axb5 Bxb5 25. Bxb5 axb5 26. Rc8 Na6 27. R1c6 Be7 28. Rxe6 Kxe6 29. Nd3 Rc7 1/2-1/2

[Event "Quebec-ch classe U2000"]
[Site "Beloeil CAN"]
[Date "1998.10.11"]
[Round "1"]
[White "Morin, Louis"]
[Black "Morin, Jean-Pascal"]
[Result "0-1"]
[WhiteElo "1897"]
[BlackElo "1812"]
[PlyCount "124"]
[GameId "2160767911806259"]
[EventDate "1998.10.11"]
[EventType "swiss"]
[EventRounds "5"]
[EventCountry "CAN"]
[SourceTitle "hb 2013"]

1. e4 d5 2. exd5 Nf6 3. d4 Bg4 4. f3 Bf5 5. Bb5+ Nbd7 6. c4 a6 7. Bxd7+ Qxd7 8. Ne2 b5 9. b3 Rd8 10. O-O e6 11. dxe6 fxe6 12. Be3 Bc5 13. Qc1 Ba7 14. Rd1 O-O 15. Nbc3 b4 16. Na4 e5 17. d5 c6 18. Nc5 Qe7 19. d6 Rxd6 20. Rxd6 Qxd6 21. Nxa6 c5 22. Nxb4 cxb4 23. Bxa7 e4 24. Ng3 Bg6 25. Qe3 Rd8 26. Bc5 Qe5 27. Re1 Rd3 28. Qf2 Qc3 29. Nxe4 Bxe4 30. fxe4 Qe5 31. Bxb4 h6 32. Qc5 Qf4 33. Qf5 Qh4 34. e5 Ng4 35. Qf8+ Kh7 36. Qf5+ Kg8 37. Qxd3 Qxh2+ 38. Kf1 Qh1+ 39. Ke2 Qxg2+ 40. Kd1 Nf2+ 41. Kc2 Nxd3+ 42. Kxd3 Qxa2 43. Kc3 Qf2 44. Kd3 Qf5+ 45. Kd4 Qe6 46. Bd6 h5 47. b4 Qg4+ 48. Re4 Qd1+ 49. Kc5 Qg1+ 50. Kb5 Qg2 51. Re3 Qb7+ 52. Kc5 Qa7+ 53. Kc6 Qxe3 54. b5 Qe4+ 55. Kd7 Kf7 56. b6 h4 57. c5 h3 58. c6 h2 59. c7 Qa4+ 60. Kc8 Qe8+ 61. Kb7 h1=Q+ 62. Ka6 Qha8# 0-1

[Event "Quebec-ch classe U2000"]
[Site "Beloeil CAN"]
[Date "1998.10.11"]
[Round "2"]
[White "Marcone, Malcom"]
[Black "Morin, Louis"]
[Result "0-1"]
[WhiteElo "1850"]
[BlackElo "1897"]
[PlyCount "68"]
[GameId "2160767911806260"]
[EventDate "1998.10.11"]
[EventType "swiss"]
[EventRounds "5"]
[EventCountry "CAN"]
[SourceTitle "hb 2013"]

1. Nf3 d6 2. d4 Nd7 3. e4 e5 4. Bc4 c6 5. O-O Be7 6. Re1 Ngf6 7. c3 O-O 8. Bf1 Re8 9. a4 Bf8 10. Nbd2 g6 11. b4 Bg7 12. Bb2 Nf8 13. dxe5 dxe5 14. h3 Nh5 15. Nc4 Qf6 16. Qc2 Bxh3 17. Nfxe5 Be6 18. Nf3 Bxc4 19. Bxc4 Nd7 20. Rad1 Rad8 21. a5 Ne5 22. Nxe5 Qxe5 23. Qb3 Qc7 24. f3 Be5 25. b5 Bh2+ 26. Kh1 Bg3 27. Rxd8 Rxd8 28. Rd1 Rxd1+ 29. Qxd1 Qe7 30. Kg1 Qh4 31. Qd7 Qh2+ 32. Kf1 Qh1+ 33. Ke2 Qe1+ 34. Kd3 Qd1+ 0-1

[Event "Quebec-ch classe U2000"]
[Site "Beloeil CAN"]
[Date "1998.10.12"]
[Round "3"]
[White "Morin, Louis"]
[Black "Dubois, Julien"]
[Result "1/2-1/2"]
[WhiteElo "1897"]
[BlackElo "1817"]
[PlyCount "90"]
[GameId "2160767911806261"]
[EventDate "1998.10.11"]
[EventType "swiss"]
[EventRounds "5"]
[EventCountry "CAN"]
[SourceTitle "hb 2013"]

1. e4 e6 2. d4 c5 3. Nf3 b6 4. d5 d6 5. Bb5+ Bd7 6. Qe2 e5 7. O-O Ne7 8. Bg5 h6 9. Bxe7 Bxe7 10. Nbd2 O-O 11. Bxd7 Nxd7 12. c4 a6 13. Rfb1 f5 14. exf5 Rxf5 15. Ne4 Qe8 16. a4 Qg6 17. Nfd2 Raf8 18. Ra3 a5 19. Rg3 Qe8 20. Ra1 Nf6 21. Nxf6+ R8xf6 22. Ne4 Rg6 23. Rxg6 Qxg6 24. Ra3 Rf4 25. Re3 Rg4 26. f3 Rf4 27. g3 Rf8 28. Kg2 Bg5 29. Rb3 Bd8 30. Qd3 Kf7 31. Ra3 Bc7 32. Ra1 Qh5 33. Rf1 Ke7 34. Qe3 g5 35. Nf2 Bd8 36. Ng4 Qg6 37. Qe4 Qxe4 38. fxe4 Rxf1 39. Kxf1 h5 40. Nh6 Kf6 41. Nf5 Be7 42. g4 h4 43. Kg2 Bf8 44. Kh3 Be7 45. b3 Kf7 1/2-1/2

[Event "Quebec-ch classe U2000"]
[Site "Beloeil CAN"]
[Date "1998.10.12"]
[Round "4"]
[White "Trudeau, Martin"]
[Black "Morin, Louis"]
[Result "0-1"]
[WhiteElo "1851"]
[BlackElo "1897"]
[PlyCount "112"]
[GameId "2160767911806262"]
[EventDate "1998.10.11"]
[EventType "swiss"]
[EventRounds "5"]
[EventCountry "CAN"]
[SourceTitle "hb 2013"]

1. d4 d5 2. c4 e6 3. g3 c5 4. Nf3 Nc6 5. dxc5 Bxc5 6. cxd5 exd5 7. Bg2 Nf6 8. O-O O-O 9. Bg5 h6 10. Bxf6 Qxf6 11. Nc3 d4 12. Ne4 Qe7 13. Nxc5 Qxc5 14. Rc1 Qb6 15. Qd2 Be6 16. b3 Rad8 17. Ne1 Rfe8 18. Nd3 Bg4 19. Rfe1 Rc8 20. h3 Bf5 21. g4 Be4 22. Bxe4 Rxe4 23. Rc4 Qd8 24. Nc5 Re7 25. Rec1 b5 26. R4c2 Ne5 27. Qb4 Rec7 28. Nb7 Rxc2 29. Rxc2 Qd7 30. Rxc8+ Qxc8 31. Qxb5 Nxg4 32. hxg4 Qxg4+ 33. Kf1 Qh3+ 34. Ke1 Qc3+ 35. Kf1 Qh3+ 36. Ke1 Qc3+ 37. Kd1 Qa1+ 38. Kd2 Qc3+ 39. Kd1 Qa1+ 40. Kc2 Qc3+ 41. Kb1 Qe1+ 42. Kb2 Qxf2 43. Qe8+ Kh7 44. Nd6 f5 45. Qe5 d3 46. Ka3 dxe2 47. Nxf5 Qg1 48. Ne7 Qg4 49. Qd5 h5 50. Qd3+ g6 51. Nd5 Qe6 52. Nf4 e1=Q 53. Nxe6 Qxe6 54. Qd8 Qf7 55. Qg5 Kg8 56. Qd8+ Qf8+ 0-1

[Event "Quebec-ch classe U2000"]
[Site "Beloeil CAN"]
[Date "1998.10.13"]
[Round "5"]
[White "Gottlieb, Jonathan"]
[Black "Morin, Louis"]
[Result "1-0"]
[WhiteElo "1902"]
[BlackElo "1897"]
[PlyCount "79"]
[GameId "2160767911806263"]
[EventDate "1998.10.11"]
[EventType "swiss"]
[EventRounds "5"]
[EventCountry "CAN"]
[SourceTitle "hb 2013"]

1. e4 e5 2. Nf3 d6 3. d4 Nf6 4. Nc3 Nbd7 5. Be2 Be7 6. O-O O-O 7. h3 c6 8. Be3 Qc7 9. Nd2 b5 10. a3 a6 11. f4 exd4 12. Bxd4 c5 13. Bxf6 Nxf6 14. Bf3 Bb7 15. Qe1 b4 16. Ne2 d5 17. e5 Ne4 18. Bxe4 dxe4 19. Nc4 f5 20. Qf2 a5 21. Kh2 Ba6 22. Ne3 Qc6 23. Rfd1 Qb5 24. c4 bxc3 25. Nxc3 Qb7 26. Ned5 Rfd8 27. Nxe7+ Qxe7 28. Nd5 Qa7 29. Rac1 Rac8 30. Qh4 Re8 31. Qg5 Bd3 32. Nf6+ Kh8 33. Nxe8 Rxe8 34. Qxf5 c4 35. Re1 e3 36. Qh5 g6 37. Qf3 e2 38. Rxe2 Bxe2 39. Qxe2 Qf7 40. Qxc4 1-0

[Event "Quebec-ch intercoll."]
[Site "Quebec CAN"]
[Date "1998.04.10"]
[Round "1"]
[White "Bergeron, Dominic"]
[Black "Yaiche, Aniss"]
[Result "1/2-1/2"]
[WhiteElo "1529"]
[BlackElo "1354"]
[PlyCount "114"]
[GameId "2160767911873515"]
[EventDate "1998.04.10"]
[EventType "swiss"]
[EventRounds "6"]
[EventCountry "CAN"]

1. Nf3 c5 2. c4 Nf6 3. e3 g6 4. b3 Bg7 5. Bb2 d6 6. Be2 a6 7. d4 O-O 8. O-O Bd7 9. d5 b5 10. Nbd2 b4 11. a3 Qb6 12. Qc2 a5 13. axb4 cxb4 14. Ne4 Bf5 15. Bd3 Bxe4 16. Bxe4 Nxe4 17. Bxg7 Kxg7 18. Qxe4 Qc7 19. Qd4+ Kg8 20. Qh4 Kg7 21. Rfd1 Na6 22. Nd4 Nc5 23. f4 a4 24. bxa4 Nxa4 25. Nc6 Nc3 26. Re1 Rxa1 27. Rxa1 b3 28. Qe1 Ne4 29. Qb1 Nc5 30. Ra7 Qb6 31. Qb2+ f6 32. Qd4 b2 33. Rxe7+ Rf7 34. Rxf7+ Kxf7 35. Nd8+ Qxd8 36. Qxb2 Qe7 37. Qe2 Qe4 38. h3 Qd3 39. Kf1 Qxe2+ 40. Kxe2 h5 41. Kd2 Ke7 42. g4 hxg4 43. hxg4 Ne4+ 44. Ke2 Kd7 45. Kf3 Nd2+ 46. Ke2 Nxc4 47. Kd3 Nb2+ 48. Kd4 Nd1 49. Ke4 Nc3+ 50. Kd4 Na4 51. e4 Nc5 52. e5 fxe5+ 53. fxe5 Nb3+ 54. Ke4 Nd2+ 55. Kf4 dxe5+ 56. Kxe5 Nf3+ 57. Kf4 Nh2 1/2-1/2

[Event "Quebec-ch intercoll."]
[Site "Quebec CAN"]
[Date "1998.04.10"]
[Round "1"]
[White "Bergeron, Michel"]
[Black "Gravel, Simon jr"]
[Result "0-1"]
[WhiteElo "1511"]
[BlackElo "1983"]
[PlyCount "54"]
[GameId "2160767911873516"]
[EventDate "1998.04.10"]
[EventType "swiss"]
[EventRounds "6"]
[EventCountry "CAN"]

1. f4 d5 2. b3 c5 3. e3 Nc6 4. Bb5 Nf6 5. Bb2 Qc7 6. Nf3 Bd7 7. O-O a6 8. Bxc6 Bxc6 9. d3 e6 10. Nbd2 Ng4 11. Qe2 d4 12. exd4 Qxf4 13. g3 Qe3+ 14. Qxe3 Nxe3 15. Rfc1 f6 16. Ne4 Rd8 17. c3 cxd4 18. cxd4 Be7 19. Kf2 Nd5 20. Nc5 Kf7 21. Nxa6 Bb5 22. Nc5 b6 23. a4 bxc5 24. axb5 cxd4 25. Bxd4 Nb4 26. Rc7 e5 27. Bc5 Nxd3+ 0-1

[Event "Quebec-ch intercoll."]
[Site "Quebec CAN"]
[Date "1998.04.10"]
[Round "1"]
[White "Bergeron, Richard"]
[Black "Gratton, David"]
[Result "1/2-1/2"]
[WhiteElo "1856"]
[BlackElo "1502"]
[PlyCount "93"]
[GameId "2160767911873517"]
[EventDate "1998.04.10"]
[EventType "swiss"]
[EventRounds "6"]
[EventCountry "CAN"]

1. e4 c5 2. Nf3 d6 3. d4 cxd4 4. Nxd4 Nf6 5. Nc3 a6 6. Be2 e5 7. Nb3 Be6 8. O-O Be7 9. f4 Qc7 10. f5 Bc4 11. Be3 Nbd7 12. Nd2 Bxe2 13. Qxe2 b5 14. a3 Nb6 15. Rf3 d5 16. Bg5 d4 17. Nd1 Qxc2 18. Qe1 Nc4 19. Nxc4 bxc4 20. Rc1 Qxe4 21. Qa5 O-O 22. Rxc4 Qd5 23. Qxd5 Nxd5 24. Bxe7 Nxe7 25. f6 gxf6 26. Rxf6 Kg7 27. Rd6 Rfd8 28. Rxd8 Rxd8 29. Kf2 f5 30. Ke2 e4 31. g3 Rd6 32. b4 Kf6 33. a4 Nc6 34. b5 axb5 35. axb5 d3+ 36. Kd2 Ne5 37. Rb4 Nd7 38. g4 Nb6 39. Nc3 Re6 40. gxf5 Kxf5 41. Ke3 Rh6 42. Rxe4 Rh3+ 43. Kd2 Nd5 44. Rc4 Rxh2+ 45. Kxd3 Rh3+ 46. Kd4 Nxc3 47. Rc5+ 1/2-1/2

[Event "Quebec-ch intercoll."]
[Site "Quebec CAN"]
[Date "1998.04.10"]
[Round "1"]
[White "Bolduc, Olivier"]
[Black "Coulon, Dominic"]
[Result "0-1"]
[WhiteElo "1490"]
[BlackElo "1614"]
[PlyCount "78"]
[GameId "2160767911873518"]
[EventDate "1998.04.10"]
[EventType "swiss"]
[EventRounds "6"]
[EventCountry "CAN"]

1. e4 e6 2. d4 d5 3. e5 c5 4. c3 Nc6 5. Nf3 Qb6 6. Bd3 Bd7 7. O-O h5 8. dxc5 Bxc5 9. b4 Be7 10. Na3 Nh6 11. Re1 Ng4 12. Qe2 a6 13. h3 Nh6 14. b5 Bxa3 15. Bxa3 axb5 16. Bd6 Nf5 17. Bxf5 exf5 18. Qd2 Be6 19. Ng5 Kd7 20. Reb1 Ra4 21. Nxe6 fxe6 22. Qg5 Kc8 23. Qxg7 Rd8 24. Rxb5 Rd7 25. Qf8+ Qd8 26. Qh6 Qe8 27. Rc5 Rc4 28. Qe3 Qg6 29. a4 f4 30. Qe2 Rf7 31. Rxc4 dxc4 32. Qxc4 Rg7 33. Qf1 Qf5 34. Kh2 f3 35. g3 h4 36. Bc5 Qxe5 37. Bb6 hxg3+ 38. fxg3 Rxg3 39. Re1 Rg2+ 0-1

[Event "Quebec-ch intercoll."]
[Site "Quebec CAN"]
[Date "1998.04.10"]
[Round "1"]
[White "Desbiens, Dominick"]
[Black "Marcone, Malcom"]
[Result "0-1"]
[WhiteElo "1419"]
[BlackElo "1571"]
[PlyCount "72"]
[GameId "2160767911873519"]
[EventDate "1998.04.10"]
[EventType "swiss"]
[EventRounds "6"]
[EventCountry "CAN"]

1. e4 d5 2. exd5 Nf6 3. Bb5+ Bd7 4. Be2 Nxd5 5. d4 g6 6. Nf3 Bg7 7. c4 Nb6 8. Nc3 e6 9. Bg5 f6 10. Bf4 Nc6 11. d5 Nb4 12. dxe6 Bxe6 13. Nb5 Qxd1+ 14. Rxd1 Na6 15. Bxc7 Bxc4 16. Nd6+ Ke7 17. Nxc4 Nxc4 18. Bxc4 Nxc7 19. O-O Rhd8 20. Rde1+ Kf8 21. Re3 Nd5 22. Bxd5 Rxd5 23. Rfe1 Rad8 24. Re7 R8d7 25. Re8+ Kf7 26. Kf1 Ra5 27. a3 h6 28. Nd4 f5 29. b4 Rxa3 30. Nb5 Rb3 31. R1e6 Bf8 32. Rc8 Kxe6 33. Rxf8 a6 34. Na7 Rxb4 35. Nc8 Rc7 36. Rh8 b5 0-1

[Event "Quebec-ch intercoll."]
[Site "Quebec CAN"]
[Date "1998.04.10"]
[Round "1"]
[White "Dumoulin, Sylvain"]
[Black "Papineau (Granby), Daniel"]
[Result "0-1"]
[WhiteElo "1617"]
[BlackElo "1460"]
[PlyCount "122"]
[GameId "2160767911873520"]
[EventDate "1998.04.10"]
[EventType "swiss"]
[EventRounds "6"]
[EventCountry "CAN"]

1. Nc3 d5 2. e4 d4 3. Nce2 e5 4. Ng3 Nf6 5. Nf3 Bd6 6. Bc4 O-O 7. O-O Nc6 8. d3 Na5 9. Nxe5 Bxe5 10. f4 Nxc4 11. dxc4 Ng4 12. h3 d3 13. hxg4 Bd4+ 14. Rf2 Bxf2+ 15. Kxf2 dxc2 16. Qxc2 Bxg4 17. Be3 Qd7 18. Ne2 Bxe2 19. Kxe2 Rfd8 20. Bd2 Qg4+ 21. Kf2 Rd4 22. Be3 Rd6 23. Qe2 Qh4+ 24. g3 Qh2+ 25. Kf3 Qh5+ 26. Kf2 Qa5 27. c5 Rh6 28. Kg2 Qb4 29. Kf3 Re8 30. e5 f6 31. b3 fxe5 32. Qc4+ Qxc4 33. bxc4 exf4 34. Bxf4 Rc6 35. Rb1 b6 36. cxb6 cxb6 37. a4 Rxc4 38. a5 bxa5 39. Rb5 a4 40. Ra5 Ra8 41. Ke3 Kf7 42. Kd3 Rb4 43. Rc5 Re8 44. Kc3 Rxf4 45. gxf4 Re4 46. Rc7+ Kf6 47. f5 Re5 48. Rxa7 a3 49. Kd4 Rxf5 50. Rxa3 h5 51. Ke4 g6 52. Ra2 h4 53. Rg2 g5 54. Rg4 Ra5 55. Kf3 Ra3+ 56. Kg2 Kf5 57. Rb4 Ra5 58. Kh3 Re5 59. Ra4 Re4 60. Ra5+ Kf4 61. Ra3 Re3+ 0-1

[Event "Quebec-ch intercoll."]
[Site "Quebec CAN"]
[Date "1998.04.10"]
[Round "1"]
[White "Lemay, David"]
[Black "Vivier, Christian"]
[Result "0-1"]
[WhiteElo "1500"]
[BlackElo "1717"]
[PlyCount "78"]
[GameId "2160767911873521"]
[EventDate "1998.04.10"]
[EventType "swiss"]
[EventRounds "6"]
[EventCountry "CAN"]

1. e4 c6 2. d4 d5 3. Nc3 dxe4 4. Nxe4 Nd7 5. Nf3 Ngf6 6. Bd3 Nxe4 7. Bxe4 Nf6 8. Bd3 Bg4 9. Be3 e6 10. Qd2 Bxf3 11. gxf3 Qd5 12. Qe2 Bd6 13. Rg1 Bf8 14. Rg5 Qd6 15. f4 h6 16. Rg1 Nd5 17. Qd2 O-O-O 18. c3 g6 19. O-O-O Qc7 20. h4 h5 21. c4 Bb4 22. Qc2 Nxf4 23. Be4 c5 24. a3 cxd4 25. axb4 dxe3 26. fxe3 Nh3 27. Rh1 Rxd1+ 28. Rxd1 Qg3 29. Qd2 Kb8 30. Rf1 Rc8 31. b3 Qe5 32. Qd3 Qa1+ 33. Kd2 Qb2+ 34. Ke1 Qc1+ 35. Ke2 Qb2+ 36. Kf3 Qh2 37. Qd1 g5 38. Bb1 g4+ 39. Ke4 f5+ 0-1

[Event "Quebec-ch intercoll."]
[Site "Quebec CAN"]
[Date "1998.04.10"]
[Round "1"]
[White "Pescarus, Dana"]
[Black "Gonthier-Brazeau, Philippe"]
[Result "0-1"]
[WhiteElo "1558"]
[BlackElo "1416"]
[PlyCount "108"]
[GameId "2160767911873522"]
[EventDate "1998.04.10"]
[EventType "swiss"]
[EventRounds "6"]
[EventCountry "CAN"]

1. c4 g6 2. g3 Bg7 3. Bg2 Nf6 4. Nc3 c6 5. e4 O-O 6. Nge2 d6 7. O-O Nbd7 8. d3 c5 9. f4 a6 10. Rb1 Rb8 11. a3 b5 12. cxb5 axb5 13. b4 cxb4 14. axb4 Bb7 15. Nd4 Qb6 16. Nce2 Ng4 17. Kh1 Nxh2 18. Kxh2 Bxd4 19. Nxd4 Qxd4 20. Bb2 Qb6 21. Qg4 f5 22. Qg5 Qd8 23. Bh3 e6 24. Qh6 Rf7 25. exf5 exf5 26. g4 Qf8 27. Qg5 fxg4 28. Bxg4 Qe7 29. Qh6 Nf6 30. Qh3 Nxg4+ 31. Qxg4 Bc8 32. Qg3 Bf5 33. Rbe1 Qd7 34. d4 Rc8 35. Qe3 Rc2+ 36. Rf2 Rxf2+ 37. Qxf2 Re7 38. d5 Rxe1 39. Qxe1 Qc8 40. Kg1 h5 41. Qe3 Kf7 42. Qd4 Qd7 43. Qg7+ Ke8 44. Qh8+ Kf7 45. Bf6 Qa7+ 46. Bd4 Qe7 47. Qg7+ Ke8 48. Qxe7+ Kxe7 49. Kf2 Be4 50. Kg3 Bxd5 51. Kh4 Be4 52. Kg5 Ke6 53. Bf2 Kd5 54. Be1 Kc4 0-1

[Event "Quebec-ch intercoll."]
[Site "Quebec CAN"]
[Date "1998.04.10"]
[Round "1"]
[White "Simard, Francois"]
[Black "Guerrera, Bruno"]
[Result "1-0"]
[WhiteElo "1565"]
[BlackElo "1502"]
[PlyCount "123"]
[GameId "2160767911873523"]
[EventDate "1998.04.10"]
[EventType "swiss"]
[EventRounds "6"]
[EventCountry "CAN"]

1. d4 Nf6 2. c4 c5 3. d5 b5 4. cxb5 a6 5. bxa6 Bxa6 6. Nc3 d6 7. e4 Bxf1 8. Kxf1 g6 9. g3 Bg7 10. Nf3 O-O 11. Kg2 Nbd7 12. Qc2 Qb6 13. Re1 Ng4 14. Nd2 Qa6 15. f4 Bd4 16. Nf3 Bh8 17. h3 Ngf6 18. e5 Ne8 19. f5 Nxe5 20. Bh6 Nxf3 21. Kxf3 Bg7 22. Bxg7 Nxg7 23. g4 Ra7 24. Ne4 Ne8 25. Qd2 Kg7 26. Qg5 Qd3+ 27. Re3 Qxd5 28. h4 h6 29. Qf4 e5 30. Qg3 Nf6 31. Rae1 Rxa2 32. g5 Nxe4 33. gxh6+ Kxh6 34. Rxe4 Qd3+ 35. R1e3 Qd1+ 36. Re2 Qf1+ 37. Ke3 Qxf5 38. Rf2 Qh5 39. Rg4 Kg7 40. Rg5 Qh6 41. Kd3 Ra4 42. h5 Rd4+ 43. Ke2 Kh7 44. hxg6+ fxg6 45. Rh2 Re4+ 46. Kd3 Rd4+ 47. Ke3 Qxh2 48. Qxh2+ Kg7 49. Qg1 Rf6 50. Rg4 Rdf4 51. Qg2 Rf3+ 52. Qxf3 Rxf3+ 53. Kxf3 Kf6 54. Ke4 g5 55. Kd5 Kf5 56. Rc4 g4 57. Kxd6 e4 58. Rxc5+ Kf4 59. Rc4 Kf3 60. Ke5 e3 61. Rf4+ Kg3 62. Kf5 1-0

[Event "Quebec-ch intercoll."]
[Site "Quebec CAN"]
[Date "1998.04.10"]
[Round "1"]
[White "Slater, Sylvain"]
[Black "Manriquez, David"]
[Result "0-1"]
[WhiteElo "1326"]
[BlackElo "1533"]
[PlyCount "58"]
[GameId "2160767911873524"]
[EventDate "1998.04.10"]
[EventType "swiss"]
[EventRounds "6"]
[EventCountry "CAN"]

1. d4 Nf6 2. c4 e6 3. Nf3 d5 4. cxd5 exd5 5. Bg5 Be7 6. Nc3 c6 7. Qc2 O-O 8. e3 Re8 9. Bd3 h6 10. Bxf6 Bxf6 11. O-O-O Be6 12. Rdg1 Na6 13. Bxa6 bxa6 14. Na4 Qa5 15. Kb1 Rab8 16. Nc5 Qb5 17. Nd2 Bf5 18. e4 dxe4 19. Ndb3 a5 20. a4 Qb4 21. Qc3 Qxc3 22. bxc3 e3+ 23. Kc1 exf2 24. Rf1 Bg5+ 25. Kd1 Bg4+ 26. Kc2 Re2+ 27. Kd3 Rb2 28. Nc1 Re8 29. N1b3 Re3+ 0-1

[Event "Quebec-ch intercoll."]
[Site "Quebec CAN"]
[Date "1998.04.10"]
[Round "1"]
[White "Soudre, Nicolas"]
[Black "Forget, Eric"]
[Result "1-0"]
[WhiteElo "2045"]
[BlackElo "1518"]
[PlyCount "79"]
[GameId "2160767911873525"]
[EventDate "1998.04.10"]
[EventType "swiss"]
[EventRounds "6"]
[EventCountry "CAN"]

1. e4 d6 2. d4 Nf6 3. Nc3 Nc6 4. Bc4 e5 5. Nge2 exd4 6. Nxd4 Nxd4 7. Qxd4 Be7 8. f3 Be6 9. Be3 a6 10. a4 O-O 11. O-O Bxc4 12. Qxc4 Nd7 13. Nd5 Rc8 14. Qb3 b6 15. a5 b5 16. c4 c6 17. Nb6 Rc7 18. cxb5 cxb5 19. Nd5 Nc5 20. Qd1 Rc8 21. b4 Na4 22. Nb6 Bf6 23. Rxa4 bxa4 24. Nxc8 Qxc8 25. Qxa4 Re8 26. Rc1 Qe6 27. Qc6 d5 28. Qxd5 Rd8 29. Qxe6 fxe6 30. Rc6 Kf7 31. Rxa6 Rd1+ 32. Kf2 Rb1 33. Bc5 Bh4+ 34. g3 Bf6 35. f4 e5 36. Ra7+ Ke8 37. fxe5 Bd8 38. e6 Rb2+ 39. Kf3 Rb3+ 40. Ke2 1-0

[Event "Quebec-ch intercoll."]
[Site "Quebec CAN"]
[Date "1998.04.10"]
[Round "2"]
[White "Coulon, Dominic"]
[Black "Soudre, Nicolas"]
[Result "0-1"]
[WhiteElo "1614"]
[BlackElo "2045"]
[PlyCount "42"]
[GameId "2160767911873527"]
[EventDate "1998.04.10"]
[EventType "swiss"]
[EventRounds "6"]
[EventCountry "CAN"]

1. e4 e6 2. d4 d5 3. e5 c5 4. c3 Nc6 5. Nf3 Qb6 6. Be2 Bd7 7. O-O a5 8. Re1 Nh6 9. Bxh6 gxh6 10. Qd2 Rg8 11. a4 Rg4 12. Bb5 cxd4 13. Bxc6 bxc6 14. cxd4 Rb8 15. Re2 Re4 16. Nc3 Rxe2 17. Nxe2 Qxb2 18. Qxb2 Rxb2 19. Kf1 c5 20. dxc5 Bxc5 21. Rc1 Bb6 0-1

[Event "Quebec-ch intercoll."]
[Site "Quebec CAN"]
[Date "1998.04.10"]
[Round "2"]
[White "Forget, Eric"]
[Black "Bolduc, Olivier"]
[Result "0-1"]
[WhiteElo "1518"]
[BlackElo "1490"]
[PlyCount "50"]
[GameId "2160767911873528"]
[EventDate "1998.04.10"]
[EventType "swiss"]
[EventRounds "6"]
[EventCountry "CAN"]

1. c4 e5 2. Nc3 Nf6 3. e3 d6 4. Bd3 Nc6 5. Ne4 Be7 6. Ne2 Be6 7. b3 O-O 8. Bb2 Nxe4 9. Bxe4 f5 10. Bc2 d5 11. cxd5 Bxd5 12. O-O Qd7 13. d4 f4 14. e4 Bf7 15. dxe5 Qxd1 16. Raxd1 Be6 17. g3 g5 18. Nd4 Nxd4 19. Rxd4 Bc5 20. Rd3 Bh3 21. Rfd1 fxg3 22. hxg3 Rxf2 23. Rd8+ Rf8+ 24. R8d4 Bg4 25. Kg2 Bxd1 0-1